000 01335cam a22004214i 4500
003 PE-LiUPU
005 20250731184524.0
008 150617s r 000 0 d
035 _a(Sirsi) a18818
040 _aPE-LiUPU
_bspa
_cPE-LiUPU
_erda
049 _aPRUA
082 0 4 _a986.25
_bN323g
_223
100 1 _aNaveda, Bolívar H.,
_eautor.
245 1 0 _aGalápagos a la vista /
_cBolívar H. Naveda.
264 1 _aQuito :
_bCasa de la Cultura Ecuatoriana,
_c1952.
300 _a570 páginas ;
_c22 centímetros.
336 _atext
_2rdacontent
337 _aunmediated
_2rdamedia
338 _avolume
_2rdacarrier
505 0 _aPosición astronómica -- Fisonomía de las islas -- La flora de Galápagos -- La fauna de Galápagos -- Las especies según Darwin -- Industrialización -- Aspecto histórico -- Galápagos en la segunda guerra mundial -- Galápagos en los últimos tiempos.
526 _aP136
526 _aP135
526 _aP134
526 _aP133
526 _aP144
526 _aP143
526 _aP87
526 _aP35
526 _aP20
526 _aP14
526 _aP10
526 _aP06
650 1 4 _aGalápagos, Islas (Ecuador)
_xDescripciones y viajes.
910 _ajck
942 _2ddc
_cBK
999 _c18552
_d18552
980 _81
_gALBERTO SANCHEZ Responsable de Automatización